| 000 | 00418nam a2200157Ia 4500 | ||
|---|---|---|---|
| 008 | 210716s2006 xx 000 0 und d | ||
| 020 | _a1933583215 | ||
| 041 | _aeng | ||
| 082 | _a658.848 TERV | ||
| 100 | _aTerpstra, Vern;Sarathy, Ravi;Russow, Lloyd. | ||
| 245 | _aInternational marketing. | ||
| 250 | _a9 | ||
| 260 |
_aUSA _bNorth Coast Publishers _c2006 |
||
| 300 | _aiv,562 | ||
| 650 | _aInternational Marketing | ||
| 999 |
_c202968 _d202968 |
||